Social security in Britain / (Record no. 7547)

MARC details
000 -LEADER
fixed length control field 00700nac a22002051u 4500
010 ## - LIBRARY OF CONGRESS CONTROL NUMBER
LC control number 99018739
020 ## - INTERNATIONAL STANDARD BOOK NUMBER
International Standard Book Number 031222348X (cloth)
082 00 - DEWEY DECIMAL CLASSIFICATION NUMBER
Classification number 368.4
Item number MCK
090 ## - LOCALLY ASSIGNED LC-TYPE CALL NUMBER (OCLC); LOCAL CALL NUMBER (OCLC)
-- 7547
-- 7547
100 ## - MAIN ENTRY--PERSONAL NAME
Personal name McKay, Stephen.
245 10 - TITLE STATEMENT
Title Social security in Britain /
Statement of responsibility, etc Stephen McKay and Karen Rowlingson.
260 ## - PUBLICATION, DISTRIBUTION, ETC. (IMPRINT)
Place of publication, distribution, etc New York :
Name of publisher, distributor, etc St. Martin's Press,1999
Date of publication, distribution, etc 1999.
300 ## - PHYSICAL DESCRIPTION
Extent xiii, 226 p. :
Other physical details ill. ;
Dimensions 23 cm.
500 ## - GENERAL NOTE
General note distributer: Al-Ahram
504 ## - BIBLIOGRAPHY, ETC. NOTE
Bibliography, etc Includes bibliographical references (p. 211-223) and index.
511 ## - PARTICIPANT OR PERFORMER NOTE
Participant or performer note catalogued by: wessam
650 #0 - SUBJECT ADDED ENTRY--TOPICAL TERM
Topical term or geographic name as entry element Social security
Geographic subdivision Great Britain.
700 1# - ADDED ENTRY--PERSONAL NAME
Personal name Rowlingson, Karen.
942 ## - ADDED ENTRY ELEMENTS (KOHA)
Item type Book - Borrowing
Call number prefix 368.4MCK
Holdings
Withdrawn status Item status Damaged status Not for loan Home library Current library Shelving location Date acquired Source of acquisition Total Checkouts Full call number Barcode Date last seen Koha item type
        Central Library Central Library First floor 28/01/2008 Purchase   368.4MCK 000008968 15/07/2025 Book - Borrowing